• 首页
  • 本馆介绍
  • 公告通知
  • 最新文献
  • 馆藏检索
  • 电子资源
  • 读者导购
  • 参考咨询
  • 我的图书馆
  • 登录
  • 详细信息显示
  • 放入我的书架
  • 预约/预借图书
  • 作者相关作品
  • 分类相关作品
  • 丛书相关作品
  • 出版社相关作品

书目信息

  • 表格格式
  • 工作单格式
  • 卡片格式
题名:
通信专业实务
    
 
作者: 杨丽华 主编 ;工业和信息化部教育与考试中心 组编
分册:   动力与环境
出版信息: 北京   人民邮电出版社  2018
页数: 255页
开本: 26cm
丛书名: 全国通信专业技术人员职业水平考试用书
单 册:
中图分类: TN91-42 , TN914-42
科图分类:
主题词: 通信技术--tong xin ji shu--水平考试--自学参考资料 , 通信系统--机房--供电系统--水平考试--自学参考资料
电子资源:
ISBN: 978-7-115-48604-2
000 01563nam 2200337 45
001 012001000538
005 20140106112501.0
010    @a978-7-115-48604-2@dCNY69.80
092    @aCN@b三新科技1847期现货-0353
099    @aCAL 012019007847
100    @a20190116d2018 em y0chiy50 ea
101 0  @achi
102    @aCN@b110000
105    @aak a 000yy
106    @ar
200 1  @a通信专业实务@Atong xin zhuan ye shi wu@i动力与环境@f工业和信息化部教育与考试中心组编@g杨丽华主编
210    @a北京@c人民邮电出版社@d2018
215    @a255页@c图@d26cm@e《全国通信专业技术人员职业水平考试大纲 中级 动力与环境》1册 (19页 ; 19cm)
225 2  @a全国通信专业技术人员职业水平考试用书@Aquan guo tong xin zhuan ye ji shu ren yuan zhi ye shui ping kao shi yong shu
320    @a有书目
330    @a本书紧扣全国通信专业技术人员职业水平考试大纲, 对考生需要掌握的难点、重点、知识点进行了全面、深入的阐述。全书共分为7章, 分别对动力与环境概述、交流供电系统、不间断电源系统、机房空调系统、动力环境集中监控系统、环境与安全、节能减排与新技术进行了系统讲解。
410  0 @12001 @a全国通信专业技术人员职业水平考试用书
517 1  @a动力与环境@Adong li yu huan jing
606 0  @a通信技术@Atong xin ji shu@x水平考试@j自学参考资料
606 0  @a通信系统@x机房@x供电系统@x水平考试@j自学参考资料
690    @aTN91-42@v5
690    @aTN914-42@v5
701  0 @a杨丽华@Ayang li hua@4主编
711 02 @a工业和信息化部教育与考试中心@Agong ye he xin xi hua bu jiao yu yu kao shi zhong xin@4组编
801  0 @aCN@b北京卓展文化@c20191020
905    @b1200600-2@dTN91-42@e272@f3
    
    通信专业实务.动力与环境/工业和信息化部教育与考试中心组编/杨丽华主编.-北京:人民邮电出版社,2018
    255页:图;26cm+《全国通信专业技术人员职业水平考试大纲 中级 动力与环境》1册 (19页 ; 19cm).-(全国通信专业技术人员职业水平考试用书)
    
    
    ISBN 978-7-115-48604-2:CNY69.80
    本书紧扣全国通信专业技术人员职业水平考试大纲, 对考生需要掌握的难点、重点、知识点进行了全面、深入的阐述。全书共分为7章, 分别对动力与环境概述、交流供电系统、不间断电源系统、机房空调系统、动力环境集中监控系统、环境与安全、节能减排与新技术进行了系统讲解。
●
相关链接 在E读中查询图书 在五车中查询图书 在当当中查询图书 在豆瓣中查询图书


正题名:通信专业实务     索取号:TN91-42/272         预约/预借

序号 登录号 条形码 馆藏地/架位号 状态 备注
1 1200600   212006005   第二样本阅览室/ [索取号:TN91-42/272] 在馆    
2 1200601   212006014   第三借阅区/ [索取号:TN91-42/272] 在馆    
3 1200602   212006023   第三借阅区/ [索取号:TN91-42/272] 在馆    
唐山师范学院图书馆 欢迎您!
大连网信软件有限公司© 版权所有